01371cam a22003617a 4500003000500000005001700005008004100022010000900063011000900072035000900081040000900090090001100099100003400110245005900144500012400203590004100327590004100368590004100409590004100450590004100491590004100532590004200573650005200615650002800667650003000695650004300725700003500768901000700803942001000810949004300820999001500863952013100878CHAP20220329133230.0971013s r 00010 d a3697 a4669 a3873 cCHAP aR-321700aJuliano, Bienvenido O.962325 0aRice and corn technology and policy in the Philippines aSobretiro de: Transactions op the National Academy of Science and Technology, Republic of the Philippines 8: 5-35, 1986 aBATCH-UPDb10c20130110lUCH01h0047 aBATCH-UPDb10c20130110lUCH01h2013 aBATCH-UPDb10c20130409lUCH01h2033 aBATCH-UPDb10c20130410lUCH01h1332 aBATCH-UPDb10c20130914lUCH01h0407 aBATCH-UPDb10c20130914lUCH01h2108 aCONVERSIONb10c20130109lUCH01h130314aAgriculturaxInnovaciones tecnológicas.9156514aArrozxFilipinas.9761014aMaízxFilipinas.97095714aPolítica arroceraxFilipinas.9904360 aGonzáles, Leonardo A.948646 aBK cREIMP aR-3217bBCcRd-13403eTS1i3873mDsi c3697d3697 00104054718RaBCbBCcPA_Rd2012-12-17fREIMPl0oR-3217p-13403r2019-12-31 00:00:00w2019-12-31yREIMPzRecien adquirido